Alexander's care of the patient in surgery / (Record no. 2610)
[ view plain ]
| 000 -LEADER | |
|---|---|
| fixed length control field | 00657cam a22002058i 4500 |
| 008 - FIXED-LENGTH DATA ELEMENTS--GENERAL INFORMATION | |
| fixed length control field | 171027s2019 mou b 001 0 eng |
| 020 ## - INTERNATIONAL STANDARD BOOK NUMBER | |
| ISBN | 9780323479141 (pbk. : alk. paper) |
| 245 00 - TITLE STATEMENT | |
| Title | Alexander's care of the patient in surgery / |
| Statement of responsibility, etc | [edited by] Jane Rothrock ; associate editor, Donna McEwen. |
| 250 ## - EDITION STATEMENT | |
| Edition statement | 16th edition. |
| 260 ## - PUBLICATION, DISTRIBUTION, ETC. (IMPRINT) | |
| Place of publication | Missouri |
| Name of publisher | Elsevier Ltd |
| Date of publication | 2019 |
| 300 ## - COLLATION | |
| Pagination | xx,1225p |
| 650 12 - TRACINGS | |
| Main Subject | Perioperative Nursing |
| Subdivision (2nd) | methods |
| 650 22 - TRACINGS | |
| Main Subject | Nursing Care |
| Subdivision (2nd) | methods |
| 650 22 - TRACINGS | |
| Main Subject | Surgical Procedures, Operative |
| Subdivision (2nd) | nursing |
| 700 1# - ADDITIONAL AUTHOR | |
| Additional Author | Rothrock, Jane C., |
| 700 1# - ADDITIONAL AUTHOR | |
| Additional Author | McEwen, Donna R., |
| 942 ## - ADDED ENTRY ELEMENTS (KOHA) | |
| Item type | Books |
| 050 00 - LIBRARY OF CONGRESS CALL NUMBER | |
| Classification number | RD99.24 |
| 082 00 - DEWEY DECIMAL CLASSIFICATION NUMBER | |
| Classification number | 617/.0231 |
| Source of classification or shelving scheme | Not for loan | Permanent location | Current location | Date acquired | Accession No. | Full call number | Barcode. | Koha item type |
|---|---|---|---|---|---|---|---|---|
| Library of Congress Classification | Medical Library | Medical Library | 03/24/2025 | 2024/64138 | RD99.24.R68 | 2025-0898 | Books |